MARC

LEADER 00000nam0a2200000 4500
001 34023
005 20231101210215.0
010 |a 5229001089 
035 |a (RuTPU)RU\TPU\book\34398 
035 |a BOOK00001049 
090 |a 34023 
100 |a 20011210d1988 km y0rusy50 ca 
101 0 |a rus 
102 |a RU 
105 |a y z 000zy 
200 1 |a Предупреждение коррозии оборудования технического водо- и теплоснабжения  |f П. А. Акользин 
210 |a Москва  |c Металлургия  |d 1988 
215 |a 95 с. 
225 1 |a Защита металлов от коррозии 
320 |a Библиография: с. 94-95. 
606 1 |a Металлургическое оборудование  |x Защита от коррозии  |2 stltpush  |3 (RuTPU)RU\TPU\subj\42999  |9 62587 
610 1 |a металлургия 
610 1 |a металлургические заводы 
610 1 |a промышленные предприятия 
610 1 |a надежность 
610 1 |a водоснабжение 
610 1 |a оборудование 
610 1 |a коррозия 
610 1 |a защита 
610 1 |a теплоэнергоснабжение 
675 |a 669.02  |v 3 
700 1 |a Акользин  |b П. А.  |g Павел Алексеевич 
801 0 |a RU  |b 63413507  |c 20011210  |g PSBO 
801 2 |a RU  |b 63413507  |c 20161202  |g PSBO 
900 |a Надежность систем теплоэнергоснабжения промпредприятий 
942 |c BK